000
00269nam a22001097a 4500
008
230623b xxu||||| |||| 00| 0 eng d
082
_a
328.773
_b
ILL
100
_c
George H Ryna
245
_a
Handbook of Illinois Government 1991-1992
300
_a
139p
942
_2
ddc
_c
BK
999
_c
2380
_d
2380